00608nam a2200145Ia 4500008004100000024005600041082001700097100008100114245005100195260002500246600003400271650003300305952010700338999001700445250506s9999 xx 000 0 und d a08B-060-TE, 08B-050-TE, 08B-022-TE & 08B-042-TE a004.6072 MAT aSyed Ziyad Mateen, Bilal Mohammad Khan, Mujeeb Rehman Abbassi & Nasir Majeed 0aSimulation of Call Admission Control Over MPLS aKarachi:bUIT,c2008 aTelecommunication Engineering aBachelor of Engineering (BE) 001040708PR-TEaUITUbUITUd2022-07-26l0o004.6072 MATpTE-50r2025-05-06 11:34:20w2025-05-06yPR c28278d28278